000 00338nam a22001457a 4500
008 230517b ||||| |||| 00| 0 eng d
020 _a9781506357096
041 _aeng
080 _27 EDITION
_a33
082 _a33KET
100 _a23
101 _aADM
245 _aPOLITICS OF THE ADMINITRATIVE PROCESS
_cKETTL.F.D
942 _2udc
_cBK
999 _c59768
_d59768